000 004360000a22001690004500
041 0 _aSPA
082 0 4 _aG 269 G8851a
100 1 _aGrubb, Norman P. (Percy) (1895- )
245 1 0 _aAvivamiento continuo / Norman P. Grubb
260 _aSantiago, Chile : La Cruzada
300 _a50 Pag
001 8082
942 _cBK
999 _c38279
_d38279
336 _atexto
_btxt
_2rdacontent
337 _2rdamedia
_asin mediación
_bn
338 _2rdacarrier
_avolumen
_bnc